Week 13 CFB AP Poll - Statistics

General Stats
  • This quiz has been taken 65 times
  • The average score is 20 of 25
Answer Stats
Rank Change in Rank Team % Correct
1 Same Ohio State
100%
10 Down 6 Alabama
98%
4 Up 1 Georgia
98%
2 Same Indiana
98%
T-6 Up 1 Oregon
98%
14 Up 2 Miami
97%
17 Down 7 Texas
97%
9 Stay Notre Dame
93%
16 Up 1 USC
93%
3 Same Texas A&M
91%
5 Up 1 Ole Miss
90%
T-6 Up 2 Texas Tech
90%
11 Up 1 BYU
84%
18 Stay Michigan
84%
8 Up 3 Oklahoma
81%
20 Up 1 Tennessee
79%
12 Up 1 Vanderbilt
79%
24 NR Tulane
78%
15 Down 1 Georgia Tech
74%
23 NR Missouri
66%
22 NR North Texas
66%
13 Up 2 Utah
64%
21 Up 3 James Madison
60%
19 Up 1 Virginia
59%
25 NR Houston
31%
No matching quizzes found
Score Distribution
Percent of People with Each Score
Percentile by Number Answered
Your Score History
You have not taken this quiz